History of political theory. (Record no. 723)

MARC details
000 -LEADER
fixed length control field 00488cam a2200193ua 4500
001 - CONTROL NUMBER
control field 797
005 - DATE AND TIME OF LATEST TRANSACTION
control field 20260515113227.0
008 - FIXED-LENGTH DATA ELEMENTS--GENERAL INFORMATION
fixed length control field 110420n ii |||gr||||Z||||||eng
040 ## - CATALOGING SOURCE
Transcribing agency MAIN
082 ## - DEWEY DECIMAL CLASSIFICATION NUMBER
Classification number 320.9
245 1# - TITLE STATEMENT
Title History of political theory.
Statement of responsibility, etc. By George H. Sabine.
250 ## - EDITION STATEMENT
Edition statement 3rd.
260 ## - PUBLICATION, DISTRIBUTION, ETC.
Place of publication, distribution, etc. Bombay.:
Name of publisher, distributor, etc. Oxford.,968.
300 ## - PHYSICAL DESCRIPTION
Extent xii, 948 p.:
Dimensions 25 cm.
653 ## - INDEX TERM--UNCONTROLLED
Uncontrolled term Political science.
653 ## - INDEX TERM--UNCONTROLLED
Uncontrolled term History of political theory.
700 1# - ADDED ENTRY--PERSONAL NAME
Personal name Sabine, George H.,
942 ## - ADDED ENTRY ELEMENTS (KOHA)
Koha item type Books
Holdings
Withdrawn status Lost status Damaged status Not for loan Home library Current library Shelving location Date acquired Total checkouts Full call number Barcode Date last seen Copy number Price effective from Koha item type
        Naharkatiya College Library Naharkatiya College Library General stacks 09/19/2020   320.9 | SAB 463 09/19/2020 1 09/19/2020 Books